Αγορές χρήματος & κεφαλαίου : θεωρία και πράξη
Saved in:
| Main Authors: | , |
|---|---|
| Format: | Book |
| Language: | Greek |
| Published: |
Αθήνα :
Σταμούλης,
2011.
|
| Edition: | 2η εκδ. |
| Subjects: | |
| Tags: |
Add Tag
No Tags, Be the first to tag this record!
|
MARC
| LEADER | 00000nam a2200000 a 4500 | ||
|---|---|---|---|
| 001 | 1/117995 | ||
| 008 | 190205t2011####gr | ||| |||| ||gre|| | ||
| 020 | |a 9789603518686 | ||
| 040 | |a GR-MyUa |b gre |c GR-MyUa |e AACR2 | ||
| 041 | 0 | |a gre | |
| 082 | 7 | |a 332.1 |2 (23) | |
| 100 | 1 | |a Θωμαδάκης, Σταύρος Β. | |
| 245 | 1 | 0 | |a Αγορές χρήματος & κεφαλαίου : |b θεωρία και πράξη / |c Σταύρος Β. Θωμαδάκης, Μανώλης Δ. Ξανθάκης. |
| 246 | 1 | |a Αγορές χρήματος και κεφαλαίου. | |
| 250 | |a 2η εκδ. | ||
| 260 | |a Αθήνα : |b Σταμούλης, |c 2011. | ||
| 300 | |a 477 σ. : |b πιν., διάγρ. ; |c 24 εκ. | ||
| 504 | |a Βιβλιογραφία : σ. [429] - 438. | ||
| 650 | 0 | |a Capital market. | |
| 650 | 0 | |a Money market. | |
| 650 | 0 | |a Finance. | |
| 700 | 1 | |a Ξανθάκης, Μανώλης Δ, |e aut | |
| 852 | |a INST |b SAMOS |c EUDOXUS |e 20190205 |h 332.1 ΘΩΜ |p 005300045779 |q 005300045779 |t EDX |y 23 | ||
| 852 | |a INST |b SAMOS |c EUDOXUS |e 20190205 |h 332.1 ΘΩΜ |p 005300045780 |q 005300045780 |t EDX |y 0 | ||
| 852 | |a INST |b SAMOS |c EUDOXUS |e 20190205 |h 332.1 ΘΩΜ |p 005300045781 |q 005300045781 |t EDX |y 0 | ||
| 852 | |a INST |b SAMOS |c EUDOXUS |e 20190531 |h 332.1 ΘΩΜ |p 005300046035 |q 005300046035 |t EDX |y 0 | ||
| 852 | |a INST |b SAMOS |c EUDOXUS |e 20190531 |h 332.1 ΘΩΜ |p 005300046036 |q 005300046036 |t EDX |y 0 | ||
| 920 | |a Εύδοξος |b Παραγγελία |y Σάμος-ΤΣΑΧΜ |z 2019-01 | ||
| 920 | |a Εύδοξος |b Παραγγελία |y Σάμος-ΤΣΑΧΜ |z 2019-05 | ||
| 970 | |a Κοσιέρης |b Χρήστος |z 05-02-2019 | ||